000 01247cam a22002054a 4500
005 20250605163943.0
008 250528s ||||||||||||||||||||||||d
035 _a15101
020 _a750615753
040 _aGR-AtMCL
_bgre
_dGR-AtMCL
_eAACR2
245 1 _aManaging in the Single Market / Published in Association with the Institute of Management
250 _a1st
260 _bButterworth Heinemann,
_c1993
300 _a192
520 _aThis book contains everything you need to know about the impact of the single market on your business and what issues you have to address when making a business decision. Preface, Acknowledgements, International Trade, The Development of the European Community, The Three Free Movements, Standards, Economic and Monetary Union, Competition, Industry, Policies for the Regions, The Social Dimension and the Labour Market, Consumer Protection, Public Procurement, European Networks, Environmental Policies, Corporate Management, Products, Human Resources Management, Marketing, Distribution, Innovation, Information and Communications Technology, Finance, Purchasing, Location, Notes, Selected Bibliography, Index.
700 1 _aBrion Richard
_9948
942 _cBK
999 _c698
_d698